| 000 | 00861nam a22001577a 4500 | ||
|---|---|---|---|
| 003 | OSt | ||
| 005 | 20161125090920.0 | ||
| 008 | 161125b xxu||||| |||| 00| 0 eng d | ||
| 040 | _cRUA | ||
| 082 | _aVEM PHO 2015 B533 Or.1 | ||
| 100 |
_911345 _aPHON PHEAK; ភុន ភ័ក |
||
| 245 | _aSurvation on common disease of pigs in the farm from 14 week to 25 week in krong chbamorn, kampong speu province; ការអង្កេតទៅលើជំងឺទូទៅលើជ្រូកសាច់នៅក្នុងកសិដ្ឋានចាប់ពីអាយុ ១៤ សប្ដាហ៏ដល់អាយុ ២៥សប្ដាហ៏ស្ថិតនៅក្នុងក្រុងច្បារមន ខេត្តកំពង់ស្ពឺ | ||
| 260 |
_aPHNOM PENH _bPHO _c2015 |
||
| 300 |
_ax;48p. _bill. _c29cm. |
||
| 942 |
_2ddc _cVEM |
||
| 999 |
_c10908 _d10908 |
||